Prénoms féminins terminés par "ine" - Statistiques

Statistiques générales
  • Ce quiz a été pris 3 477 fois
  • Le résultat moyen est 27 sur 63
Statistiques - réponses
Indice Prénom % Correct
Ad Adeline
93%
Al Aline
90%
Céline
84%
Ma Marine
78%
Fr Francine
75%
Ka Karine
73%
Gw Gwendoline
71%
L Line
69%
Pa Pauline
68%
Eg Eglantine
66%
Bl Blandine
63%
Ch Charline
59%
Ju Justine
59%
Am Amandine
58%
Ca Caroline
58%
Na Nadine
57%
Ca Catherine
55%
Co Corinne
55%
Ma Martine
54%
Ap Apolline
53%
Ge Geraldine
50%
Cl Claudine
49%
Sa Sabine
49%
Co Coline
47%
Pe Perrine
47%
Va Valentine
47%
Do Dorine
46%
Sa Sandrine
46%
Je Jeanine
44%
Ch Christine
43%
De Delphine
43%
Jo Joséphine
43%
Se Severine
43%
Ja Jacqueline
42%
Lu Ludivine
41%
Cl Clémentine
40%
La Laurine
39%
Régine
39%
Ro Roseline
39%
Mi Micheline
38%
Jo Joceline
36%
Ja Jasmine
34%
Pa Pascaline
34%
Vi Victorine
31%
Al Albertine
26%
Ca Capucine
24%
Gh Ghislaine
23%
Au Augustine
22%
Léontine
21%
Fa Fantine
20%
Ma Madeleine
20%
Ma Maryline
20%
Ma Maurine
20%
Célestine
18%
Ge Germaine
18%
Sy Sylvaine
17%
Al Alphonsine
13%
Ep Eponine
12%
Ma Marcelline
9%
Me Melusine
9%
Ma Marjolaine
7%
Ka Kateline
6%
Re Reine
6%
Aucun quiz correspondant
Distribution des résultats
% des personnes avec chaque résultat
Percentile par nombre de réponses
Votre historique - résultats
Vous n’avez pas pris ce quiz